| 000 | 01452nam a2200193Ia 4500 | ||
|---|---|---|---|
| 003 | GCL | ||
| 008 | 140319s9999 xx 000 0 ara d | ||
| 040 |
_aGCL / _cGCL |
||
| 082 | 0 | 4 |
_aط _b813.02 _bد ا |
| 100 | 1 | _aدار الشروق | |
| 245 | 1 | 0 |
_aاجمل الحكايات العالمية: نودى فى يوم نحس-نودى والحذاء السحرى-نودى ومنطاده الكبير-نودى يغضب الجميع-الكابتن بجواش والياقوتة-الكابتن بجواش والفيل-الكابتن بجواش وسفينته الجديدة-الكابتن بجواش وصندوق المجوهرات-اجازة دامبو-بامبى يجد نهاية قوس قزح-الاميرة والعرف الذهبى-ذات الرداء الاحمر-الرؤوس الذهبية الثلاثة-سندريلا القزم العجيب-علاء الدين ربونزل-فتاة البوابة الذهبية-عنبر ولبلب يكبران-عنبر ولبلب يلعبان معاً-ذات الضفائر الذهبية والببة الثلاثة الخياط الصغير الداهية-دودو والبحث عن الكنز-اخوان من ذهب-الامير / _cدار الشروق |
| 260 |
_aبيروت : _bدار الشروق |
||
| 300 |
_a49 ص ؛ _c15سم |
||
| 490 |
_aاجمل الحكايات العالمية _v0 |
||
| 650 | 0 | 4 | _aالاطفال |
| 650 | 0 | 4 | _aالقصص |
| 650 | 0 | 4 | _aقصص الاطفال |
| 942 |
_2ddc _cBK |
||
| 999 |
_c57128 _d57128 |
||